The Atlas of Economic Complexity (Record no. 15551)
[ view plain ]
| 000 -LEADER | |
|---|---|
| fixed length control field | 00545nam a2200133Ia 4500 |
| 008 - FIXED-LENGTH DATA ELEMENTS--GENERAL INFORMATION | |
| fixed length control field | 220615s9999||||xx |||||||||||||| ||und|| |
| 020 ## - INTERNATIONAL STANDARD BOOK NUMBER | |
| International Standard Book Number | 9780260000000 |
| 100 ## - MAIN ENTRY--PERSONAL NAME | |
| Personal name | Hausmann, Ricardo||Hidalgo, César A.||Bustos, Sebastián||Coscia, Michele||Simoes, Alexander||Yildirim, Muhammed A. |
| 245 #4 - TITLE STATEMENT | |
| Title | The Atlas of Economic Complexity |
| Remainder of title | Mapping Paths to Prosperity |
| 546 ## - LANGUAGE NOTE | |
| Language note | English[eng] |
| 650 ## - SUBJECT ADDED ENTRY--TOPICAL TERM | |
| Topical term or geographic name entry element | Macroeconomics||International economics||Library and information services |
| 856 ## - ELECTRONIC LOCATION AND ACCESS | |
| Uniform Resource Identifier | <a href="http://mitpress.mit.edu/9780262525428">http://mitpress.mit.edu/9780262525428</a> |
| 942 ## - ADDED ENTRY ELEMENTS (KOHA) | |
| Koha item type | E-Books |
| Withdrawn status | Lost status | Damaged status | Not for loan | Home library | Current library | Date acquired | Total Checkouts | Date last seen | Price effective from | Koha item type |
|---|---|---|---|---|---|---|---|---|---|---|
| Kerala University of Digital Sciences, Innovation and Technology Knowledge Centre | Kerala University of Digital Sciences, Innovation and Technology Knowledge Centre | 15/06/2022 | 15/06/2022 | 15/06/2022 | E-Books |